[Event "IECG CP.P.00007 email"]
[Site "IECG email"]
[Date "2001.10.01"]
[Round "?"]
[White "Dunne, Stephen"]
[Black "Baier, Guenter"]
[Result "0-1"]
[WhiteElo "896"]
[BlackElo "2329"]
[PlyCount "46"]
[EventDate "2001.10.01"]
[EventType "tourn (corr)"]
[EventRounds "6"]
[SourceTitle "Corr 2008"]
[Source "ChessBase"]
[SourceDate "2008.06.24"]
[SourceVersion "1"]
[SourceVersionDate "2008.06.24"]
[SourceQuality "1"]

1. e4 e6 2. d4 d5 3. Nd2 c5 4. exd5 Qxd5 5. Ngf3 cxd4 6. Bc4 Qd6 7. 0-0 Nf6 8. Nb3 Nc6 9. Nbxd4 Nxd4 10. Nxd4 a6 11. Re1 Qc7 12. Bd3 Bd6 13. Nf5 Bxh2+ 14. Kh1 Kf8 15. g3 exf5 16. Kxh2 h5 17. Bf4 Qb6 18. Kg1 Be6 19. b3 h4 20. Qd2 hxg3 21. Bxg3 Bd5 22. Kf1 Bf3 23. Kg1 Rh1# 0-1

[Event "IECG CP.P.00007 email"]
[Site "IECG email"]
[Date "2001.10.01"]
[Round "?"]
[White "Dunne, Stephen"]
[Black "Grizzaffi, Michael"]
[Result "0-1"]
[WhiteElo "896"]
[BlackElo "1600"]
[PlyCount "37"]
[EventDate "2001.10.01"]
[EventType "tourn (corr)"]
[EventRounds "6"]
[SourceTitle "Corr 2008"]
[Source "ChessBase"]
[SourceDate "2008.06.24"]
[SourceVersion "1"]
[SourceVersionDate "2008.06.24"]
[SourceQuality "1"]

1. e4 e5 2. f4 exf4 3. Nf3 g5 4. Bc4 g4 5. 0-0 gxf3 6. Qxf3 Qf6 7. e5 Qxe5 8. Bxf7+ Kxf7 9. d4 Qf5 10. g4 Qg6 11. Bxf4 Nf6 12. Be5 Be7 13. Bxf6 Bxf6 14. Nc3 Rf8 15. Nd5 Kg7 16. Rf2 Rf7 17. Qf4 Nc6 18. c3 Bxd4 19. Ne7 0-1

[Event "IECG QN.2001.0.00189"]
[Site "IECG email"]
[Date "2001.07.28"]
[Round "?"]
[White "Dunne, Stephen"]
[Black "Venturas, Bob"]
[Result "1-0"]
[WhiteElo "923"]
[BlackElo "496"]
[PlyCount "73"]
[EventDate "2001.07.28"]
[EventType "tourn (corr)"]
[EventRounds "6"]
[SourceTitle "Corr 2008"]
[Source "ChessBase"]
[SourceDate "2008.06.24"]
[SourceVersion "1"]
[SourceVersionDate "2008.06.24"]
[SourceQuality "1"]

1. e4 e5 2. f4 exf4 3. Nf3 d5 4. exd5 Qxd5 5. Nc3 Qd8 6. d4 Qe7+ 7. Qe2 Qxe2+ 8. Nxe2 Bd6 9. Bxf4 Bxf4 10. Nxf4 Nf6 11. Bc4 0-0 12. 0-0 Re8 13. Ne5 Be6 14. Nxe6 fxe6 15. Rf3 a6 16. Raf1 b5 17. Bb3 Nbd7 18. Nxd7 Nxd7 19. Rf7 Rad8 20. c4 c5 21. R7f4 cxd4 22. Rxd4 b4 23. Rfd1 Re7 24. Ba4 e5 25. Rxd7 Rexd7 26. Rxd7 Rxd7 27. Bxd7 Kf7 28. c5 Ke7 29. c6 Kd8 30. Kf2 Kc7 31. Ke3 Kd6 32. Ke4 g6 33. g4 a5 34. b3 h6 35. h4 h5 36. gxh5 gxh5 37. Kf5 1-0

[Event "IECG TE.2001.P.00707 email"]
[Site "IECG email"]
[Date "2001.05.20"]
[Round "?"]
[White "Dunne, Stephen"]
[Black "Bordukalo, Roman"]
[Result "0-1"]
[WhiteElo "1100"]
[BlackElo "800"]
[PlyCount "24"]
[EventDate "2001.05.20"]
[EventType "tourn (corr)"]
[EventRounds "12"]
[SourceTitle "Corr 2008"]
[Source "ChessBase"]
[SourceDate "2008.06.24"]
[SourceVersion "1"]
[SourceVersionDate "2008.06.24"]
[SourceQuality "1"]

1. e4 e5 2. f4 exf4 3. Nf3 g5 4. Bc4 g4 5. 0-0 gxf3 6. Qxf3 Bc5+ 7. Kh1 Qf6 8. d4 Qxd4 9. Bxf7+ Kxf7 10. Bxf4 Qf6 11. Qh5+ Qg6 12. Be5+ Ke6 0-1

[Event "IECG TE.2001.P.00707 email"]
[Site "IECG email"]
[Date "2001.05.20"]
[Round "?"]
[White "Dunne, Stephen"]
[Black "Horvath, Istvan"]
[Result "0-1"]
[WhiteElo "1100"]
[BlackElo "2291"]
[PlyCount "38"]
[EventDate "2001.05.20"]
[EventType "tourn (corr)"]
[EventRounds "12"]
[SourceTitle "Corr 2008"]
[Source "ChessBase"]
[SourceDate "2008.06.24"]
[SourceVersion "1"]
[SourceVersionDate "2008.06.24"]
[SourceQuality "1"]

1. e4 e5 2. f4 exf4 3. Nf3 g5 4. Bc4 g4 5. 0-0 gxf3 6. Qxf3 Qf6 7. e5 Qxe5 8. Bxf7+ Kxf7 9. d4 Qxd4+ 10. Be3 Qf6 11. Bxf4 Ne7 12. Nc3 Nf5 13. Ne4 Qg6 14. Qb3+ Ke8 15. Rae1 Be7 16. Bxc7 Rf8 17. Qd5 d6 18. Rxf5 Rxf5 19. Nxd6+ Kf8 0-1

[Event "IECG RF.2001.0.00001"]
[Site "IECG email"]
[Date "2001.05.06"]
[Round "?"]
[White "Dunne, Stephen"]
[Black "Smeltzer, Brent S"]
[Result "0-1"]
[WhiteElo "1100"]
[BlackElo "981"]
[PlyCount "54"]
[EventDate "2001.05.06"]
[EventType "tourn (corr)"]
[EventRounds "6"]
[SourceTitle "Corr 2008"]
[Source "ChessBase"]
[SourceDate "2008.06.24"]
[SourceVersion "1"]
[SourceVersionDate "2008.06.24"]
[SourceQuality "1"]

1. e4 c5 2. Nf3 e6 3. d4 cxd4 4. Nxd4 a6 5. f4 Nc6 6. Nc3 Nxd4 7. Qxd4 b5 8. Be3 Bb7 9. 0-0-0 b4 10. Na4 Rc8 11. Nb6 Bc5 12. Nxc8 Bxd4 13. Nd6+ Kf8 14. Rxd4 Bc6 15. Bxa6 Qa5 16. Bc4 Ne7 17. Bd2 Qb6 18. Rd3 f5 19. e5 Qf2 20. Bxb4 Qxf4+ 21. Kb1 Bxg2 22. Rhd1 Nc6 23. Nc8+ Nxb4 24. Rxd7 Qxc4 25. Rd8+ Kf7 26. Rxh8 Qxc2+ 27. Ka1 Qxd1# 0-1

[Event "IECG RF.2001.0.00001"]
[Site "IECG email"]
[Date "2001.05.06"]
[Round "?"]
[White "Kose, Savas"]
[Black "Dunne, Stephen"]
[Result "0-1"]
[WhiteElo "1179"]
[BlackElo "1100"]
[PlyCount "26"]
[EventDate "2001.05.06"]
[EventType "tourn (corr)"]
[EventRounds "6"]
[SourceTitle "Corr 2008"]
[Source "ChessBase"]
[SourceDate "2008.06.24"]
[SourceVersion "1"]
[SourceVersionDate "2008.06.24"]
[SourceQuality "1"]

1. e4 e5 2. Nf3 Nf6 3. Nxe5 d6 4. Nf3 Nxe4 5. d4 d5 6. Bd3 Nc6 7. 0-0 Bg4 8. Re1 f5 9. h3 Bh5 10. g4 fxg4 11. Ng5 Nxd4 12. Bxe4 dxe4 13. Rxe4+ Be7 0-1

[Event "IECG RF.2001.0.00001"]
[Site "IECG email"]
[Date "2001.05.06"]
[Round "?"]
[White "Murtinho de Moraes, Bruno"]
[Black "Dunne, Stephen"]
[Result "1-0"]
[WhiteElo "1030"]
[BlackElo "1100"]
[PlyCount "27"]
[EventDate "2001.05.06"]
[EventType "tourn (corr)"]
[EventRounds "6"]
[SourceTitle "Corr 2008"]
[Source "ChessBase"]
[SourceDate "2008.06.24"]
[SourceVersion "1"]
[SourceVersionDate "2008.06.24"]
[SourceQuality "1"]

1. e4 e5 2. Nf3 f5 3. Bc4 fxe4 4. Nxe5 d5 5. Qh5+ g6 6. Nxg6 hxg6 7. Qxh8 Kf7 8. Bb3 Bg7 9. Qh7 Nf6 10. Qh4 c6 11. 0-0 Na6 12. f3 Bf5 13. fxe4 Bxe4 14. Qxe4 1-0

[Event "IECG QF.2001.0.00001"]
[Site "IECG email"]
[Date "2001.04.30"]
[Round "?"]
[White "Dunne, Stephen"]
[Black "Amadio, Giancarlo"]
[Result "0-1"]
[WhiteElo "1100"]
[BlackElo "1000"]
[PlyCount "40"]
[EventDate "2001.04.30"]
[EventType "tourn (corr)"]
[EventRounds "6"]
[SourceTitle "Corr 2008"]
[Source "ChessBase"]
[SourceDate "2008.06.24"]
[SourceVersion "1"]
[SourceVersionDate "2008.06.24"]
[SourceQuality "1"]

1. e4 e5 2. f4 exf4 3. Nf3 Nf6 4. e5 Nh5 5. Qe2 Be7 6. d4 Bh4+ 7. Kd1 Be7 8. g4 fxg3 9. Qg2 d6 10. hxg3 Bg4 11. Be2 dxe5 12. Rxh5 Bxh5 13. Nxe5 Qxd4+ 14. Nd3 Bxe2+ 15. Qxe2 Qg1+ 16. Ne1 Qxg3 17. Nc3 Nc6 18. Ne4 0-0-0+ 19. Bd2 Qg6 20. Nd3 Rhe8 0-1

[Event "IECG CF.2001.0.00001 email"]
[Site "IECG email"]
[Date "2001.04.23"]
[Round "?"]
[White "Mayne, Andrew"]
[Black "Dunne, Stephen"]
[Result "1-0"]
[WhiteElo "1098"]
[BlackElo "1100"]
[PlyCount "75"]
[EventDate "2001.04.23"]
[EventType "tourn (corr)"]
[EventRounds "6"]
[SourceTitle "Corr 2008"]
[Source "ChessBase"]
[SourceDate "2008.06.24"]
[SourceVersion "1"]
[SourceVersionDate "2008.06.24"]
[SourceQuality "1"]

1. e4 e5 2. f4 exf4 3. Bc4 Qh4+ 4. Kf1 c6 5. Nf3 Qh5 6. Nc3 Nf6 7. d3 d6 8. Bxf4 Bg4 9. Kf2 h6 10. h3 Bxf3 11. Qxf3 Qxf3+ 12. Kxf3 g5 13. Bh2 Be7 14. d4 Nbd7 15. e5 dxe5 16. dxe5 Nh5 17. Rhf1 0-0 18. Rad1 Nb6 19. Bb3 Kg7 20. g4 Nf4 21. Bxf4 gxf4 22. Kxf4 Bg5+ 23. Kf5 Rae8 24. Ne4 f6 25. e6 Nc8 26. Nxg5 Nd6+ 27. Rxd6 fxg5+ 28. Ke5 Rxf1 29. Rd7+ Kf8 30. Rh7 Re1+ 31. Kf6 Kg8 32. Rf7 Re3 33. c3 Kh8 34. e7 Rf3+ 35. Ke6 Re3+ 36. Kd7 Rg8 37. Bc2 Re2 38. Rh7# 1-0

[Event "IECG C3.2001.0.00180"]
[Site "IECG email"]
[Date "2001.03.15"]
[Round "?"]
[White "Dunne, Stephen"]
[Black "Shook, Douglas"]
[Result "0-1"]
[WhiteElo "1100"]
[BlackElo "1308"]
[PlyCount "30"]
[EventDate "2001.03.15"]
[EventType "tourn (corr)"]
[EventRounds "6"]
[SourceTitle "Corr 2008"]
[Source "ChessBase"]
[SourceDate "2008.06.24"]
[SourceVersion "1"]
[SourceVersionDate "2008.06.24"]
[SourceQuality "1"]

1. e4 e6 2. d3 d5 3. Nd2 Nf6 4. Ngf3 Nc6 5. c3 Be7 6. Be2 Kf8 7. e5 Ng4 8. d4 Qd7 9. h3 Nxf2 10. Kxf2 Qd8 11. Nf1 Bh4+ 12. g3 g5 13. Nxh4 gxh4 14. g4 Rg8 15. Bh6+ Ke8 0-1